Review of experiments on artificial culture of diamondback terrapin. (Record no. 23299)

MARC details
000 -LEADER
fixed length control field 00863cam a22002411 4500
001 - CONTROL NUMBER
control field f 29000034
003 - CONTROL NUMBER IDENTIFIER
control field DLC
005 - DATE AND TIME OF LATEST TRANSACTION
control field 20260227111249.0
008 - FIXED-LENGTH DATA ELEMENTS--GENERAL INFORMATION
fixed length control field 850730r19291929dcua b f000 0 eng c
010 ## - LIBRARY OF CONGRESS CONTROL NUMBER
LC control number f 29000034
035 ## - SYSTEM CONTROL NUMBER
System control number (OCoLC)12326059
040 ## - CATALOGING SOURCE
Original cataloging agency U.S. Bureau of Fish. Library
Transcribing agency NcWsW
Modifying agency DLC
042 ## - AUTHENTICATION CODE
Authentication code premarc
050 00 - LIBRARY OF CONGRESS CALL NUMBER
Classification number SH191.T5
Item number H53
100 1# - MAIN ENTRY--PERSONAL NAME
Personal name Hildebrand, Samuel F.
Fuller form of name (Samuel Frederick),
Dates associated with a name 1883-1949.
245 10 - TITLE STATEMENT
Title Review of experiments on artificial culture of diamondback terrapin.
Statement of responsibility, etc. By Samuel F. Hildebrand ...
260 ## - PUBLICATION, DISTRIBUTION, ETC.
Place of publication, distribution, etc. Washington,
Name of publisher, distributor, etc. U.S. Govt. Print. Off.,
Date of publication, distribution, etc. 1929.
300 ## - PHYSICAL DESCRIPTION
Extent 1 p. l., p. 25-70 incl. tables, diagrs.
Dimensions 28 cm.
500 ## - GENERAL NOTE
General note From Bulletin of the Bureau of Fisheries, vol. XLV, 1929.
500 ## - GENERAL NOTE
General note Bureau of Fisheries document no. 1060.
504 ## - BIBLIOGRAPHY, ETC. NOTE
Bibliography, etc. note Bibliography: p. 70.
650 #0 - SUBJECT ADDED ENTRY--TOPICAL TERM
Topical term or geographic name entry element Diamondback terrapin.

No items available.

Powered by Koha